Belehrung an das gemeine Volk über seine Gesundheit

Elmentve itt :
Bibliográfiai részletek
Szerző: Tissot Samuel August André David
Dokumentumtípus: Könyv
Megjelent: Friedrich Gotthold Jacobäer und Sohn Leipzig 1748
Kulcsszavak:Közegészségügy - német - 18. sz.
Online Access:http://misc.bibl.u-szeged.hu/45729
LEADER 00761nam a2200181 i 4500
001 misc45729
005 20200717143200.0
008 200330s1748 hu o 0|| ger d
040 |a SZTE Miscellanea Repozitórium  |b hun 
041 |a ger 
100 1 |a Tissot Samuel August André David 
245 1 0 |a Belehrung an das gemeine Volk über seine Gesundheit  |h [elektronikus dokumentum] /  |c  Tissot Samuel August André David 
260 |a Friedrich Gotthold Jacobäer und Sohn  |b Leipzig  |c 1748 
300 |a XXVI, 722 p.  |c 18 cm 
561 |a Poór Imre hagyaték 
591 |a Poór Imre Gyűjtemény, Prof. Dr. Poór Ferenc ajándéka (pecsét) 
695 |a Közegészségügy - német - 18. sz. 
856 4 0 |u http://misc.bibl.u-szeged.hu/45729/1/borklinika_348.pdf  |z Dokumentum-elérés